Historia ilustrada de España : (Record no. 198220)

MARC details
000 -LEADER
campo de control de longitud fija 01658cam a22003974 4500
001 - NÚMERO DE CONTROL
campo de control 198220
003 - IDENTIFICADOR DE NÚMERO DE CONTROL
campo de control ES-MaACL
005 - FECHA Y HORA DE LA ÚLTIMA TRANSACCIÓN
campo de control 20260610173753.0
007 - CAMPO FIJO DE DESCRIPCIÓN FÍSICA--INFORMACIÓN GENERAL
campo de control de longitud fija ta
008 - DATOS DE LONGITUD FIJA--INFORMACIÓN GENERAL
campo de control de longitud fija 090429s2009 sp a|||| |||| 001 0 spa
017 ## - NÚMERO DE COPYRIGHT O DE DEPÓSITO LEGAL
Número de copyright o de depósito legal B 14604-2009
Agencia que asigna Oficina Depósito Legal Barcelona
020 ## - NÚMERO INTERNACIONAL ESTÁNDAR DEL LIBRO
Número Internacional Estándar del Libro 978-84-92506-57-6
040 ## - FUENTE DE CATALOGACIÓN
Centro catalogador/agencia de origen ES-MaACL
Lengua de catalogación spa
Centro/agencia transcriptor ES-MaACL
Normas de descripción rda
080 ## - NÚMERO DE LA CLASIFICACIÓN DECIMAL UNIVERSAL
Número de la Clasificación Decimal Universal 087.5:94(460)"18"
080 ## - NÚMERO DE LA CLASIFICACIÓN DECIMAL UNIVERSAL
Número de la Clasificación Decimal Universal 087.5:94(460)"19"
100 1# - ENTRADA PRINCIPAL--NOMBRE DE PERSONA
Nombre de persona García de Cortázar, Fernando,
Fechas asociadas al nombre 1942-2022
9 (RLIN) 238039
Relación aut
Término indicativo de función/relación Autor
245 10 - MENCIÓN DEL TÍTULO
Título Historia ilustrada de España :
Nombre de parte o sección de la obra de mayo de 1808 al siglo XXI /
Mención de responsabilidad, etc. Fernando García de Cortázar por el texto, Antoni Guiral por el guión de los cómics ; Jesús Redondo por el dibujo de los cómics, A&J Torres por el color de los cómics
250 ## - MENCION DE EDICION
Mención de edición 1ª edición: abril de 2009
264 #1 - PRODUCCIÓN, PUBLICACIÓN, DISTRIBUCIÓN, FABRICACIÓN Y COPYRIGHT
Producción, publicación, distribución, fabricación y copyright Barcelona :
Nombre del de productor, editor, distribuidor, fabricante Medialive,
Fecha de producción, publicación, distribución, fabricación o copyright 2009
264 #4 - PRODUCCIÓN, PUBLICACIÓN, DISTRIBUCIÓN, FABRICACIÓN Y COPYRIGHT
Fecha de producción, publicación, distribución, fabricación o copyright ©2009
300 ## - DESCRIPCIÓN FÍSICA
Extensión 177 páginas :
Otras características físicas ilustraciones, mapas (blanco y negro y color) ;
Dimensiones 25 cm
336 ## - TIPO DE CONTENIDO
Fuente rdacontent
Término de tipo de contenido texto
337 ## - TIPO DE MEDIO
Fuente rdamedia
Nombre/término del tipo de medio sin mediación
338 ## - TIPO DE SOPORTE
Fuente rdacarrier
Nombre/término del tipo de soporte volumen
651 #7 - PUNTO DE ACCESO ADICIONAL DE MATERIA--NOMBRE GEOGRÁFICO
Nombre geográfico España
Subdivisión general Historia
Subdivisión cronológica S.XIX
Subdivisión de forma Libros infantiles
Fuente del encabezamiento o término embne
9 (RLIN) 169509
651 #7 - PUNTO DE ACCESO ADICIONAL DE MATERIA--NOMBRE GEOGRÁFICO
Nombre geográfico España
Subdivisión general Historia
Subdivisión cronológica S.XX
Subdivisión de forma Libros infantiles
Fuente del encabezamiento o término embne
9 (RLIN) 242975
700 1# - ENTRADA AGREGADA--NOMBRE PERSONAL
Nombre de persona Guiral Conti, Antonio
Relación aut
9 (RLIN) 243198
Término indicativo de función/relación Autor
700 1# - ENTRADA AGREGADA--NOMBRE PERSONAL
Nombre de persona Redondo Román, Jesús
Relación art
Término indicativo de función/relación Dibujante
9 (RLIN) 243199
852 ## - LOCALIZACIÓN
Ubicación ES-MaACL
Ubicación en estantería Depósito 1
Número de control de estantería A-16015
Donativo/Legado Donación: José Lázaro García
Encuadernación Encuadernación cartoné
901 ## - NOMBRE PERSONAL DE POSESOR
a MON0908
942 ## - ELEMENTOS DE ENTRADA SECUNDARIOS (KOHA)
Tipo de ítem Koha Libro impreso
Suprimir en OPAC No
956 ## - LOCALIZACIÓN Y ACCESO ELECTRÓNICOS LOCAL (OCLC)
Nombre del host 2

No items available.